Statystyki dla Zawodnicy grający w klubach spoza Europy na mundialu w Katarze

Kliknij tutaj aby rozwiązać quiz!

Ogólne statystyki

  • Ten quiz został rozwiązany 3 razy
  • Średni wynik to 10 z 213

Statystyki odpowiedzi

ReprezentacjaKlubZawodnik% Poprawnych
KoreaFC SeoulSang-ho Na
67%
SzwajcariaChicago FireXherdan Shaqiri
67%
KatarAl-DuhailAlmoez Ali
33%
KostarykaPuntarenasAnthony Hernandez
33%
KostarykaAlajuelenseCelso Borges
33%
KoreaGimcheon SangmuChang-hoon Kwon
33%
BrazyliaUNAMDani Alves
33%
WaliaLos Angeles FCGareth Bale
33%
PolskaAl-ShababGrzegorz Krychowiak
33%
MeksykClub AmericaGuillermo Ochoa
33%
MeksykHouston DynamoHector Herrera
33%
MeksykMonterreyHector Moreno
33%
KatarAl-DuhailIsmaeel Mohammad
33%
KoreaJeonbuk Hyundai MotorsJin-su Kim
33%
KoreaShandong TaishanJun-ho Son
33%
PolskaCharlotte FCKarol Świderski
33%
KoreaGamba OsakaKyung-won Kwon
33%
KoreaJeonbuk Hyundai MotorsMoon-hwan Kim
33%
Arabia SaudyjskaAl-HilalNasser Al-Dawsari
33%
BrazyliaFlamengoPedro
33%
KatarAl-SaddRo-Ro
33%
Arabia SaudyjskaAl-HilalSalem Al-Dawsari
33%
KoreaAl-ShababSueng-gyu Kim
33%
KoreaUlsan HyundaiTae-hwan Kim
33%
ArgentynaAtlanta United FCThiago Almada
33%
BrazyliaPalmeirasWeverton
33%
KoreaUlsan HyundaiYoung-gwon Kim
33%
JaponiaFC TokyoYuto Nagatomo
33%
USANY Red BullsAaron Long
0%
KatarAl-SaddAbdelkarim Hassan
0%
MarokoAl-IttihadAbderrazak Hamdallah
0%
KatarAl-RajjanAbdulaziz Hatem
0%
Arabia SaudyjskaAl-NassrAbdulelah Al-Amri
0%
Arabia SaudyjskaAl-HilalAbdulelah Al-Malki
0%
Arabia SaudyjskaAl-NassrAbdullah Madu
0%
Arabia SaudyjskaAl-HilalAbdullah Otayf
0%
Arabia SaudyjskaAl-IttihadAbdulrahman Al-Aboud
0%
IranShabab Al-AhliAhmad Nurollahi
0%
KatarAl-GharafaAhmed Alaaeldin
0%
MarokoWydad ACAhmed Reda Tagnaouti
0%
KatarAl-SaddAkram Afif
0%
EkwadorTalleresAlan Franco
0%
EkwadorLDU QuitoAlexander Dominguez
0%
MeksykGuadalajaraAlexis Vega
0%
MeksykJuarezAlfredo Talavera
0%
Arabia SaudyjskaAl-HilalAli Al-Bulaihi
0%
Arabia SaudyjskaAl-NassrAli Al-Hassan
0%
KatarAl-SaddAli Assadalla
0%
TunezjaAl-AhlyAli Maaloul
0%
IranPersepolisAlireza Beiranvand
0%
KanadaCF MontrealAlistair Johnson
0%
KostarykaSaprissaAlvaro Zamora
0%
GhanaAl-SaddAndre Ayew
0%
AustraliaSydney FCAndrew Redmayne
0%
KostarykaHeredianoAnthony Contreras
0%
KatarAl-DuhailAssim Madibo
0%
TunezjaCS SfaxienAymen Dahmen
0%
TunezjaEtoile du SahelAymen Mathlouthi
0%
EkwadorSantos LagunaAyrton Preciado
0%
MarokoQatar SCBadr Banoun
0%
KatarAl-DuhailBassam Al-Rawi
0%
TunezjaUS MonastirBechir Ben Said
0%
TunezjaKuwait SCBilel Ifa
0%
KatarAl-SaddBoualem Khoukhi
0%
KostarykaReal Salt LakeBryan Oviedo
0%
KostarykaAlajuelenseBryan Ruiz
0%
KoreaJeonbuk Hyundai MotorsBum-keun Song
0%
KostarykaSan CarlosCarlos Martinez
0%
MeksykCruz AzulCarlos Rodriguez
0%
MeksykMonterreyCesar Montes
0%
KamerunShanghai ShenhuaChristian Bassogog
0%
KoreaDaegu FCChul Hong
0%
KamerunAl-TaiCollins Fai
0%
AustraliaAdelaide UnitedCraig Goodwin
0%
GhanaHearts of OakDaniel Afriyie
0%
KostarykaColorado Rapids 2Daniel Chacon
0%
AustraliaCentral Coast MarinersDanny Vukovic
0%
KanadaMinesota United FCDayne St. Clair
0%
USAInter MiamiDeAndre Yedlin
0%
KamerunAbhaDevis Epassy
0%
EkwadorLos Angeles FCDiego Palacios
0%
IranEsteghlal
Abolfazl Jalali
0%
EkwadorNewell's Old BoysDjorkaeff Reasco
0%
KostarykaHeredianoDouglas Luiz
0%
MeksykPachucaErick Sanchez
0%
KostarykaHeredianoEsteban Alvarado
0%
BrazyliaFlamengoEverton Ribeiro
0%
EkwadorSantos LagunaFelix Torres
0%
TunezjaAl-DuhailFerjani Sassi
0%
Arabia SaudyjskaAl-FatehFiras Al-Buraikan
0%
ArgentynaRiver PlateFranco Armani
0%
AustraliaCentral Coast MarinersGarang Kuol
0%
KostarykaHeredianoGerson Torres
0%
TunezjaEsperance de TunisGhailene Chaalali
0%
KoreaJeonbuk Hyundai MotorsGue-sung Cho
0%
Arabia SaudyjskaAl-AhliHaitham Asiri
0%
KatarAl-SaddHassan Al-Haydos
0%
Arabia SaudyjskaAl-ShababHassan Tambakti
0%
Arabia SaudyjskaAl-ShababHattan Bahebri
0%
MeksykClub AmericaHenry Martin
0%
EkwadorAucasHernan Galindez
0%
JaponiaUrawa Red DiamondsHiroki Sakai
0%
KatarAl-GharafaHomam Ahmed
0%
IranAl-AhliHosein Kanaanizadegan
0%
KoreaUlsan HyundaiHyeon-woo Jo
0%
GhanaAsante KotokoIbrahim Danlad
0%
KanadaCF MontrealIsmael Kone
0%
KanadaCF MontrealJames Pantemis
0%
AustraliaMelbourne CityJamie Maclaren
0%
AustraliaCentral Coast MarinersJason Cummings
0%
KatarAl-ArabiJassem Gaber
0%
KamerunAPEJES de MfouJerome Ngom Mbekeli
0%
USAFC DallasJesus Ferreira
0%
MeksykMonterreyJesus Gallardo
0%
KostarykaLeonJoel Campbell
0%
KanadaCF MontrealJoel Waterman
0%
KostarykaAlajuelenseJohan Venegas
0%
KanadaToronto FCJonathan Osorio
0%
KoreaFC SeoulJong-gyu Yoon
0%
USASeattle SoundersJordan Morris
0%
EkwadorLos Angeles FCJose Cifuentes
0%
KostarykaMillonariosJuan Pablo Vargas
0%
KatarAl-DuhailKarim Boudiaf
0%
USALos Angeles FCKellyn Acosta
0%
KostarykaSaprissaKendall Waston
0%
MeksykPachucaKevin Alvarez
0%
EkwadorImbaburaKevin Rodriguez
0%
KostarykaHeredianoKeysher Fuller
0%
KatarAl-WakrahKhalid Muneer
0%
KanadaVancouver WhitecapsLucas Cavallini
0%
MeksykPachucaLuis Chavez
0%
MeksykMonterreyLuis Romo
0%
IranPersepolisMahdi Torabi
0%
AustraliaMelbourne CityMarco Tilio
0%
KanadaToronto FCMark-Anthony Kaye
0%
AustraliaMelbourne CityMathew Leckie
0%
KatarAl-SaddMeshaal Barsham
0%
EkwadorCruz AzulMichael Estrada
0%
JaponiaKawasaki FrontaleMiki Yamane
0%
AustraliaColumbus CrewMilos Degenek
0%
KoreaJeonbuk Hyundai MotorsMin-kyu Song
0%
AustraliaFagiano OkayamaMitchell Duke
0%
TunezjaEsperance de TunisMohamed Ali Ben Romdhane
0%
Arabia SaudyjskaAl-HilalMohammed Al-Breik
0%
Arabia SaudyjskaAl-HilalMohammed Al-Owais
0%
Arabia SaudyjskaAl-AhliMohammed Al-Rubaie
0%
Arabia SaudyjskaAl-HilalMohammed Kano
0%
KatarAl-DuhailMohammed Muntari
0%
KatarAl-SaddMohammed Waad
0%
EkwadorIndenpediente del ValleMoises Ramirez
0%
IranPersepolisMorteza Pouraliganji
0%
KatarAl-SaddMostafa Meshaal
0%
TunezjaClub AfricainMouez Hassen
0%
MarokoAl-WehdaMunir Mohand
0%
KatarAl-SaddMusab Kheder
0%
TunezjaClub AfricainNader Ghandri
0%
KatarAl-RajjanNaif Al-Hadhrami
0%
TunezjaAl-EttifaqNaim Sliti
0%
Arabia SaudyjskaAl-ShababNawaf Al-Abed
0%
Arabia SaudyjskaAl-NassrNawaf Al-Aqidi
0%
MeksykClub AmericaNestor Araujo
0%
KamerunSeattle SoundersNouhou Tolo
0%
KamerunPhiladelphia UnionOlivier Mbaizo
0%
KostarykaAl-WehdaOscar Duarte
0%
IranSepahanPayam Niazmand
0%
IranSepahanRamin Rezajijan
0%
KanadaToronto FCRichie Laryea
0%
Arabia SaudyjskaAbhaRiyadh Sharahili
0%
KostarykaMunicipal GreciaRoan Wilson
0%
MeksykGuadalajaraRoberto Alvarado
0%
MeksykLeonRodolfo Cota
0%
MeksykMonterreyRogelio Funes Mori
0%
EkwadorPachucaRomario Ibarra
0%
KostarykaFC CincinnatiRonald Matarrita
0%
IranEsteghlalRouzbeh Cheshmi
0%
KatarAl-SaddSaad Al-Sheeb
0%
Arabia SaudyjskaAl-HilalSaleh Al-Shehri
0%
KatarAl-SaddSalem Al-Hajri
0%
Arabia SaudyjskaAl-HilalSalman Al-Faraj
0%
Arabia SaudyjskaAl-NassrSami Al-Najei
0%
KanadaCF MontrealSamuel Piette
0%
Arabia SaudyjskaAl-HilalSaud Abdulhamid
0%
USANY Red BullsSean Johnson
0%
EkwadorLos Angeles FCSebas Mendez
0%
TunezjaZamalekSeifeddine Jaziri
0%
IranEsteghlalSeyed Hossein-Hosseini
0%
USANashville SCShaq Moore
0%
JaponiaKawasaki FrontaleShogo Taniguchi
0%
IranAl-AhliShojae Khalilzadeh
0%
JaponiaShimizu S-PulseShuichi Gonda
0%
JaponiaShonsn BellmareShuto Machino
0%
KamerunCoton SportSouaibou Marou
0%
KoreaJeonbuk Hyundai MotorsSueng-ho Paik
0%
Arabia SaudyjskaAl-NassrSultan Al-Ghanam
0%
TunezjaKuwait SCTaha Yassine Khenissi
0%
KatarAl-SaddTarek Salman
0%
AustraliaAlbirex NiigataThomas Deng
0%
MeksykCruz AzulUriel Antuna
0%
KamerunAl-NassrVincent Aboubakar
0%
IranPersepolisWahid Amiri
0%
USANashville SCWalker Zimmerman
0%
KoreaAl-SaddWoo-young Jung
0%
EkwadorSeattle SoundersXavier Arreaga
0%
MarokoWydad ACYahia Attiyat Allah
0%
MarokoWydad ACYahya Jabrane
0%
Arabia SaudyjskaAl-HilalYasser Al-Shahrani
0%
TunezjaEsperance de TunisYassine Meriah
0%
KostarykaHeredianoYeltsin Tejeda
0%
KatarAl-GharafaYousef Hassan
0%
TunezjaAl-ArabiYoussef Msakni
0%
KostarykaSaprissaYoustin Salas
0%
JaponiaNagoya GrampusYuki Soma
0%
Korea
Daejeon Hana CitizenYu-min Cho
0%

Rozkład punktacji

Percentyl według liczby udzielonych odpowiedzi

Procent ludzi z każdym wynikiem

Twoja historia wyników

Nie rozwiązałeś tego quizu